Tratado de geografía humana (Registro nro. 3009)

Detalles MARC
000 -LEADER
fixed length control field 01558 a2200205 4500
001 - CONTROL NUMBER
control field 39297
005 - DATE AND TIME OF LATEST TRANSACTION
control field 20260407155652.0
008 - FIXED-LENGTH DATA ELEMENTS--GENERAL INFORMATION
fixed length control field 260407a1961 arg spa d
003 - CONTROL NUMBER IDENTIFIER
control field AR-UNSa-BCEJYS
040 ## - CATALOGING SOURCE
Original cataloging agency AR-UNSa-BCEJYS
Language of cataloging spa
Transcribing agency AR-UNSa-BCEJYS
080 ## - UNIVERSAL DECIMAL CLASSIFICATION NUMBER
Universal Decimal Classification number 911.3
Common auxiliary subdivision Geografía humana. Geografía de los factores culturales
100 1# - MAIN ENTRY--PERSONAL NAME
Personal name Derrau, Max
245 10 - TITLE STATEMENT
Title Tratado de geografía humana
250 ## - EDITION STATEMENT
Edition statement 6a. ed
264 #1 - PRODUCTION, PUBLICATION, DISTRIBUTION, MANUFACTURE, AND COPYRIGHT NOTICE
Place of production, publication, distribution, manufacture Barcelona :
Name of producer, publisher, distributor, manufacturer Vicens-Vives
Date of production, publication, distribution, manufacture, or copyright notice 1961
300 ## - PHYSICAL DESCRIPTION
Extent 681 p.
Dimensions 23 cm.
505 ## - FORMATTED CONTENTS NOTE
Formatted contents note Parte I: Geografía de la población : 1. Los efectivos de la población - 2. Las causas de la distribución de los hombres - 3. Las variaciones de una población - 4. Composición de una población - Parte II: Los modos de vida, los mecanismos y los sistemas económicos: 1. Los mecanismos económicos espontáneos - 2. Los mecanismos impuestos por los cargos económicos - 3. La intervención del estado - 4. Las formas de organización económica - Parte III: Geografía agraria: 1. Los paisajes agrarios de las zonas ecuatorial y tropical - 2. Las explotaciones agrarias de la zona desértica - 3. Los paisajes agrario de la zona y continetal del viejo Mundo - 5. Geografía agraria de los paises nuevos templados y fríos - 6. Las agriculturas colectivas - 7. Los probelmas del hábitat rural - Parte IV: Las actividades no agricolas : 1. La localización de la industria - 2. Tipos complejos industriales - 3. El lugar que ocupala industria en la economía de un Estado - Apéndice
590 ## - LOCAL NOTE (RLIN)
Local note niveau_biblio:m niveau_hierar:0
942 ## - ADDED ENTRY ELEMENTS (KOHA)
Koha item type
Existencias
Withdrawn status Lost status Damaged status Not for loan Home library Current library Shelving location Date acquired Total checkouts Full call number Barcode Date last seen Price effective from Koha item type
        Biblioteca Prof. Eusebio Cleto del Rey Biblioteca Prof. Eusebio Cleto del Rey   07/04/2026   911.3 D438 L25612 07/04/2026 07/04/2026 Libro
        Biblioteca Prof. Eusebio Cleto del Rey Biblioteca Prof. Eusebio Cleto del Rey   07/04/2026   911.3 D438 L25611 07/04/2026 07/04/2026 Libro
        Biblioteca Prof. Eusebio Cleto del Rey Biblioteca Prof. Eusebio Cleto del Rey   07/04/2026   911.3 D438 L25607 07/04/2026 07/04/2026 Libro
        Biblioteca Prof. Eusebio Cleto del Rey Biblioteca Prof. Eusebio Cleto del Rey   07/04/2026   911.3 D438 L25609 07/04/2026 07/04/2026 Libro
        Biblioteca Prof. Eusebio Cleto del Rey Biblioteca Prof. Eusebio Cleto del Rey   07/04/2026   911.3 D438 L25608 07/04/2026 07/04/2026 Libro
        Biblioteca Prof. Eusebio Cleto del Rey Biblioteca Prof. Eusebio Cleto del Rey   07/04/2026   911.3 D438 L25610 07/04/2026 07/04/2026 Libro